00784nam a2200253Ia 4500003000900000008004100009020001800050040001600068080002000084100002200104245008500126250001200211260003500223300001000258650001500268650003100283650001800314650002400332700002200356700002300378942000700401999001700408952010500425IN-BaIIA211028s9999 xx 000 0 eng d a0-86442-321-7 cIIA Library a910.4(540)bFIN aFinlay, H.920496 0aIndia - a lonely planet travel survival kit.cH. Finlay, T. Wheeler and B.Thomas a6th ed. aAustraliabLonely Planetc1996 a1144p aGuidebooks aIndia Tourist Guide920497 aTourist Guide aTravel Guide914263 aThomas, B.920498 aWheeler, T.917068 cBK c11809d11809 00104070aBANbBANcGENd1996-07-15eANJ l0o910.4(540)/ FINp12724r2021-11-05w1996-07-15yBK